|
|
|
|
| LEADER |
02960nam a2200673 ia4500 |
| 001 |
nkc20162777239 |
| 003 |
CZ PrNK |
| 005 |
20170217102141.0 |
| 007 |
ta |
| 008 |
160210s2015 xr a e p 000 0 cze |
| 015 |
|
|
|a cnb002777239
|
| 020 |
|
|
|a 978-80-213-2577-7
|q (1. svazek ;
|q brožováno)
|
| 020 |
|
|
|a 978-80-213-2578-4
|q (2. svazek - návody na cvičení ;
|q brožováno)
|
| 035 |
|
|
|a (OCoLC)944219249
|
| 040 |
|
|
|a ABA001
|b cze
|e rda
|
| 072 |
|
7 |
|a 684
|x Nábytkářský průmysl
|2 Konspekt
|9 19
|
| 072 |
|
7 |
|a 37.016
|x Učební osnovy. Vyučovací předměty. Učebnice
|2 Konspekt
|9 22
|
| 080 |
|
|
|a 684.4
|2 MRF
|
| 080 |
|
|
|a 658.5
|2 MRF
|
| 080 |
|
|
|a 005.933.1
|2 MRF
|
| 080 |
|
|
|a (075.8)
|2 MRF
|
| 080 |
|
|
|a (076.5)
|2 MRF
|
| 100 |
1 |
|
|a Gaff, Milan
|7 jo2016902966
|4 aut
|
| 245 |
1 |
0 |
|a Základy projektování výroby nábytku /
|c Milan Gaff, Miroslav Gašparík
|
| 246 |
1 |
|
|i Obálkový a hřbetní název:
|a Projektování výroby nábytku
|
| 250 |
|
|
|a Vydání první
|
| 264 |
|
1 |
|a V Praze :
|b Česká zemědělská univerzita,
|c 2015
|
| 300 |
|
|
|a 2 svazky :
|b ilustrace (některé barevné) ;
|c 30 cm
|
| 336 |
|
|
|a text
|b txt
|2 rdacontent
|
| 337 |
|
|
|a bez média
|b n
|2 rdamedia
|
| 338 |
|
|
|a svazek
|b nc
|2 rdacarrier
|
| 500 |
|
|
|a Nad názvem: Česká zemědělská univerzita v Praze, Fakulta lesnická a dřevařská
|
| 500 |
|
|
|a Autoři 2. dílu: Milan Gaff, Ján Hajabač
|
| 500 |
|
|
|a 250 výtisků
|
| 504 |
|
|
|a Obsahuje bibliografie
|
| 505 |
0 |
|
|a [díl 1]. 205 stran -- [díl 2]. návody na cvičení. 91 stran
|
| 521 |
8 |
|
|a Pro posluchače FLD
|
| 650 |
0 |
7 |
|a výroba nábytku
|7 ph191271
|2 czenas
|
| 650 |
0 |
7 |
|a výrobní procesy
|7 ph127452
|2 czenas
|
| 650 |
0 |
7 |
|a projektování
|7 ph184848
|2 czenas
|
| 650 |
0 |
9 |
|a furniture production
|2 eczenas
|
| 650 |
0 |
9 |
|a manufacturing processes
|2 eczenas
|
| 650 |
0 |
9 |
|a project planning
|2 eczenas
|
| 655 |
|
7 |
|a učebnice vysokých škol
|7 fd133772
|2 czenas
|
| 655 |
|
7 |
|a praktická cvičení
|7 fd133118
|2 czenas
|
| 655 |
|
9 |
|a textbooks (higher)
|2 eczenas
|
| 655 |
|
9 |
|a problems, exercises, etc
|2 eczenas
|
| 700 |
1 |
|
|a Gašparík, Miroslav
|7 jo2016902989
|4 aut
|
| 700 |
1 |
|
|a Hajabač, Ján
|7 jo2016902977
|4 aut
|
| 710 |
2 |
|
|a Česká zemědělská univerzita v Praze.
|b Lesnická a dřevařská fakulta
|7 ko2007416980
|4 aut
|4 isb
|
| 910 |
2 |
|
|a BOA001
|b 4-1360.627
|s 1-2
|
| 928 |
9 |
|
|a Česká zemědělská univerzita v Praze
|
| 990 |
|
|
|a BK
|
| 995 |
|
|
|a 01
|
| 991 |
|
|
|b 201602
|c NOV
|
| 996 |
6 |
|
|b 2610659832
|c 4-1360.627
|d 1
|v 1
|l MZK
|r Sklad / do 1 hodiny
|n 3
|p p.v.
|w 001544632
|u 000010
|a 1
|e BOA001
|j MZK50
|s P
|
| 996 |
6 |
|
|b 2610659833
|c 4-1360.627
|d 2, návody na cvičení
|v 2
|l MZK
|r Sklad / do 1 hodiny
|n 2
|p p.v.
|w 001544632
|u 000020
|a 1
|e BOA001
|j MZK50
|s P
|
| 996 |
7 |
|
|b 2610697822
|c 4-1360.627
|d 1
|v 1
|l MZK
|r Sklad / do 1 hodiny
|n 6
|p kup
|w 001544632
|u 000030
|a 1
|e BOA001
|j MZK50
|s A
|
| 996 |
7 |
|
|b 2610697823
|c 4-1360.627
|d 2, návody na cvičení
|v 2
|l MZK
|r Sklad / do 1 hodiny
|n 5
|p kup
|w 001544632
|u 000040
|a 1
|e BOA001
|j MZK50
|s A
|